000 00465nam a22001817a 4500
003 NUST - PNEC
005 20170116181002.0
008 150912b xxu||||| |||| 00| 0 eng d
020 _a0078817870
040 _cLIBRARY
082 _a004.616 DVO
100 _99564
_aDvorak, John
245 _aDvorak's guide to PC telecommunications
_cJohn Dvorak
250 _a2nd ed.
260 _cc.1992
650 _99567
_aMicrocomputers
_xMIS, MS COM
942 _2ddc
_cBK
999 _c66737
_d66737